Detalles MARC
| 000 -LÍDER |
| Campo fijo de descripción fija |
01535cam a2200325 i 4500 |
| 001 - NÚMERO DE CONTROL |
| Campo de control |
768714001 |
| 003 - IDENTIFICADOR DEL NÚMERO DE CONTROL |
| Campo de control |
CO-MdFUSB |
| 005 - FECHA Y HORA DE LA ULTIMA TRANSACCIÓN |
| control field |
20220630142342.0 |
| 007 - CAMPO FIJO DE DESCRIPCIÓN FIJA--INFORMACIÓN GENERAL |
| Campo fijo de descripción fija |
ta |
| 008 - ELEMENTOS DE LONGITUD FIJA -- INFORMACIÓN GENERAL |
| Campo fijo de descripción fija -- Información general |
040429t2004 miu b 001 0 eng |
| 020 ## - NÚMERO INTERNACIONAL NORMALIZADO PARA LIBROS |
| Número Internacional Normalizado del libro |
0802827616 |
| 040 ## - FUENTE DE CATALOGACIÓN |
| Agencia de catalogación original |
DLC |
| Idioma de catalogación |
eng |
| Agencia que realiza la transcripción |
CO-MdFUSB |
| Agencia que realiza la modificación |
YDX |
| -- |
UKM |
| -- |
IDI |
| -- |
OCLCQ |
| -- |
MUQ |
| -- |
OCL |
| -- |
BAKER |
| -- |
NLGGC |
| -- |
BTCTA |
| -- |
YDXCP |
| -- |
NNG |
| -- |
TUU |
| -- |
IG# |
| -- |
BDX |
| -- |
OCLCA |
| -- |
OCLCQ |
| -- |
OCLCA |
| -- |
OCLCF |
| -- |
P4I |
| -- |
UtOrBLW |
| Convenciones de la descripción |
rda |
| 041 ## - CÓDIGO DE IDIOMA |
| Código de idioma para texto/pista de sonido o título separado |
eng |
| 082 ## - NÚMERO DE CLASIFICACIÓN DECIMAL DEWEY |
| Número de la edición del Dewey |
23 |
| Número de clasificación |
224.10609 |
| Clave de autor-Numero de item |
C537 |
| 100 1# - ASIENTO PRINCIPAL--NOMBRE PERSONAL |
| Nombre personal |
Childs, Brevard S. |
| Término relacionador |
autor |
| 245 14 - TÍTULO |
| Título del Material |
The struggle to understand Isaiah as Christian scripture / |
| Mención de responsabilidad, etc. |
Brevard S. Childs. |
| 264 #1 - PRODUCCIÓN, PUBLICACIÓN, DISTRIBUCIÓN, MANUFACTURA, Y COPYRIGHT |
| Lugar de producción, publicación, distribución, manufactura |
Grand Rapids, Mich. : |
| Nombre del productor, publicador, distribuidor |
William B. Eerdmans Pub., |
| Fecha de producción, publicación, distribución, manufactura, o copyright |
[2004] |
| 264 #4 - PRODUCCIÓN, PUBLICACIÓN, DISTRIBUCIÓN, MANUFACTURA, Y COPYRIGHT |
| Fecha de producción, publicación, distribución, manufactura, o copyright |
©2004. |
| 300 ## - DESCRIPCIÓN FÍSICA |
| Extensión |
332 páginas ; |
| Dimensiones |
25 cm. |
| 336 ## - TIPO DE CONTENIDO |
| Término de tipo de contenido |
texto |
| Código de tipo de contenido |
txt |
| Fuente |
rdacontent. |
| 337 ## - TIPO DE MEDIO |
| Nombre del tipo de medio |
sin mediación |
| Código del tipo de medio |
n |
| Fuente |
rdamedia. |
| 338 ## - TIPO DE SOPORTE |
| Nombre del tipo de soporte |
volumen |
| Código Tipo de soporte |
nc |
| Fuente |
rdacarrier. |
| 504 ## - NOTA DE BIBLIOGRAFÍA, ETC. |
| Nota de bibliografía, etc |
Incluye referencias bibliográficas e índice. |
| 505 ## - NOTA DE CONTENIDO |
| Nota de contenido con formato preestablecido |
Primera recepción de la Biblia hebrea: la Septuaginta y el Nuevo Testamento -- Justino Mártir -- Ireneo -- Clemente de Alejandría -- Orígenes -- Eusebio de Cesarea -- Jerónimo -- Juan Crisóstomo -- Cirilo de Alejandría -- Teodoreto de Ciro -- Tomás de Aquino --<br/>Nicolás de Lira -- Martín Lutero -- Juan Calvino -- Intérpretes de los siglos XVII y XVIII -- Siglos XIX y XX -- Interpretación posmoderna -- Implicaciones hermenéuticas. |
| 563 ## - NOTA DE ENCUADERNACIÓN |
| Nota de encuadernación |
Pasta dura |
| 630 07 - TITULO UNIFORME |
| Título uniforme |
Biblia |
| Nombre de parte o sección de la obra |
Isaías |
| Subdivisión de materia general |
Crítica, interpretación, etc. |
| 942 ## - TIPO DE MATERIAL (KOHA) |
| Tipo de Item KOHA |
Libros General |
| 945 ## - INFORMACIÓN LOCAL DEL REGISTRO |
| Catalogador |
JTF-925 |